| 000 | 00747nam a22002417a 4500 | ||
|---|---|---|---|
| 001 | 41774 | ||
| 003 | UA-OsUOA | ||
| 005 | 20210819100351.0 | ||
| 007 | ta | ||
| 008 | 20061012b un ||||| |||| 00| 0 ukr d | ||
| 020 | _a9668703006 | ||
| 040 |
_aUA-OsUOA _bukr _cUA-OsUOA _dUA-OsUOA |
||
| 041 | _aukr | ||
| 080 | _a(031)930.85 | ||
| 090 |
_a(031)930.85 _bЕ61 |
||
| 245 |
_aЕнциклопедія трипільської цивілізації: в двох томах _cЛ. М. Новохатько, М. І. Сенченко, Т. І. Іжевська |
||
| 260 |
_aК. _bУкрполіграфмедіа _c2004 |
||
| 300 | _a710 с. | ||
| 505 | _gТ.2 | ||
| 650 | 7 |
_a0 Загальний відділ. _2UDC |
|
| 942 |
_cBK _2udc |
||
| 955 | _a7 | ||
| 999 |
_c327893 _d327893 |
||